Viejo muere el cisne

Saved in:
書目詳細資料
主要作者: Huxley, Aldous Leonard (Author)
格式: 圖書
語言:西班牙语
出版: Buenos Aires Losada 1943
叢編:Biblioteca Contemporánea, 108
主題:
標簽: 添加標簽
沒有標簽, 成為第一個標記此記錄!

MARC

LEADER 00000nam a2200000 a 4500
001 UCZ0940
003 CL-VaPUC
008 950810e19430000AG |||||||||||||||||spa|d
082 0 4 |a 823  |b HUX  |2 21 
100 |a Huxley, Aldous Leonard  |e author  |9 553641 
245 1 0 |a Viejo muere el cisne 
300 |a 298 p 
942 |c BK 
945 |d 19950810 00:00:00  |a rbrito 
260 |a Buenos Aires  |b Losada  |c 1943 
650 0 |a Novelas inglesas  |9 265220 
583 |a last modification  |c 19950810 00:00:00  |k Rodrigo Vera 
490 0 |a Biblioteca Contemporánea, 108 
999 |c 237805  |d 237803 
952 |0 0  |1 0  |4 0  |6 823_000000000000000_HUX_1943  |7 0  |8 A  |9 247505  |a BIBEDU  |b BIBEDU  |d 2019-11-18  |i 3108023  |o 823 HUX 1943  |p 3108023  |r 2019-11-18  |w 2019-11-18  |y BK  |k LIT